Atlas de anatomía humana Sobotta / (Record no. 48789)

MARC details
000 -LEADER
campo de control de longitud fija 01216nam a2200325 i 4500
001 - NÚMERO DE CONTROL
campo de control 48789
003 - IDENTIFICADOR DE NÚMERO DE CONTROL
campo de control ES-MaACL
005 - FECHA Y HORA DE LA ÚLTIMA TRANSACCIÓN
campo de control 20230906161824.0
007 - CAMPO FIJO DE DESCRIPCIÓN FÍSICA--INFORMACIÓN GENERAL
campo de control de longitud fija t|
008 - DATOS DE LONGITUD FIJA--INFORMACIÓN GENERAL
campo de control de longitud fija 001025s2002 sp ||||0| spa j
020 ## - NÚMERO INTERNACIONAL ESTÁNDAR DEL LIBRO
Número Internacional Estándar del Libro 84-7903-533-1
040 ## - FUENTE DE CATALOGACIÓN
Centro catalogador/agencia de origen M-BN
Lengua de catalogación spa
Centro/agencia transcriptor M-BN
080 ## - NÚMERO DE LA CLASIFICACIÓN DECIMAL UNIVERSAL
Número de la Clasificación Decimal Universal 611(084.4)
245 00 - MENCIÓN DEL TÍTULO
Título Atlas de anatomía humana Sobotta /
Mención de responsabilidad, etc. editado por R. Putz y R. Pabst ; traducido por los profesores, Alfonso Llamas, José Luis Velayos y Ignacio Navascués.
250 ## - MENCION DE EDICION
Mención de edición 21ª ed, 2ª reimp.
260 ## - PUBLICACIÓN, DISTRIBUCIÓN, ETC.
Lugar de publicación, distribución, etc. Madrid :
Nombre del editor, distribuidor, etc. Médica Panamericana,
Fecha de publicación, distribución, etc. 2002.
300 ## - DESCRIPCIÓN FÍSICA
Extensión 2 v :
Otras características físicas principalmente il. col. y n ;
Dimensiones 29 cm +
Material acompañante/anejo CD-ROM.
505 8# - NOTA DE CONTENIDO CON FORMATO
Nota de contenido con formato Contiene: t. 1. Cabeza, cuello y miembro superior t. 2. Tronco, vísceras y miembro inferior
650 #4 - PUNTO DE ACCESO ADICIONAL DE MATERIA--TÉRMINO DE MATERIA
Término de materia o nombre geográfico como elemento de entrada Anatomía humana-
Subdivisión de forma Atlas.
9 (RLIN) 9802
650 #4 - PUNTO DE ACCESO ADICIONAL DE MATERIA--TÉRMINO DE MATERIA
Término de materia o nombre geográfico como elemento de entrada Anatomía humana-
Subdivisión de forma Atlas-
-- CD-ROM.
9 (RLIN) 9803
700 1# - ENTRADA AGREGADA--NOMBRE PERSONAL
Nombre de persona Putz, Reinhard.
9 (RLIN) 94438
700 1# - ENTRADA AGREGADA--NOMBRE PERSONAL
Nombre de persona Pabst, R.
9 (RLIN) 88105
700 1# - ENTRADA AGREGADA--NOMBRE PERSONAL
Nombre de persona Sobotta, Johannes.
9 (RLIN) 106990
700 1# - ENTRADA AGREGADA--NOMBRE PERSONAL
Nombre de persona Llamas, Alfonso.
9 (RLIN) 72662
700 1# - ENTRADA AGREGADA--NOMBRE PERSONAL
Nombre de persona Velayos, José Luis.
9 (RLIN) 113785
700 1# - ENTRADA AGREGADA--NOMBRE PERSONAL
Nombre de persona Navascués, Ignacio.
9 (RLIN) 85214
852 ## - LOCALIZACIÓN
Ubicación ES-MaACL
Número de control de estantería L-26748-9
Sublocalización o colección R.132386
Nota libre . - Libro
852 ## - LOCALIZACIÓN
Ubicación ES-MaACL
Número de control de estantería ROT 2/1/19
Nota libre . - CD-ROM
Holdings
Estatus retirado Estado de pérdida Estado de daño No para préstamo Biblioteca de origen Biblioteca actual Ubicación en estantería Fecha de adquisición Fuente de adquisición Total de préstamos Signatura topográfica completa Código de barras Visto por última vez Precio de reemplazo Tipo de ítem Koha
        Biblioteca del Ateneo de Madrid Biblioteca del Ateneo de Madrid Depósito 17/01/2008     ROT 2/1/19 1051344 23/02/2023 23/02/2023 Libro impreso
        Biblioteca del Ateneo de Madrid Biblioteca del Ateneo de Madrid Depósito 2 17/01/2008     L-26748-9 1051343 23/02/2023 23/02/2023 Libro impreso